000 00488nam a22001697a 4500
005 20240320083026.0
008 240320b |||||||| |||| 00| 0 eng d
022 _a0258249X
041 _aEnglish
082 _a349 IND
100 _lEnglish
245 _aIndustrial Law Journal :
_cedited by M Brassey
260 _aCape Town :
_bJuta and Company Ltd,
_c1989
300 _b203 pages ;
_c25 cm.
650 _aLegal practice
_bLaw
942 _cCR
_6ALISON_BN_VRIES
999 _c1479
_d1479